000 00523nam a22001697a 4500
999 _c172451
_d172451
005 20200205151357.0
010 _aENG-127647
020 _a9789353433956
_c549.00
035 _aEN-111179
037 _bDBAD/PUB
082 _a000
245 _aGATE General Aptitude and Engineering Mathematics 2020/
260 _aNoida
_bPearson
_c2019
270 _bNoida
_a15th floor,Tower-B,World Trade Tower,plot no.1,Block-c,sector 16
_e201301
300 _aVarious pages
_b25cm(pbk)
942 _2ddc
_cEN
_h000
_mGEN